Statistics for All NCAA D1 Women's Soccer Programs

Click here to take the quiz!

General Stats

  • This quiz has been taken 83 times
  • The average score is 165 of 347

Answer Stats

ConferenceSchool% Correct
Big 12Texas
87%
Atlantic 10George Washington
83%
ACCNorth Carolina
83%
Pac 12Stanford
83%
Pac 12UCLA
83%
Pac 12Arizona
80%
SECFlorida
80%
MACOhio
80%
Pac 12Oregon
80%
IvyUPenn
80%
Pac 12Washington
80%
ACCFlorida St
77%
SECGeorgia
77%
American EastMaine
77%
Big 10Michigan
77%
Pac 12Oregon St
77%
Pac 12USC
77%
Pac 12Utah
77%
SECAlabama
73%
Pac 12Arizona St
73%
Pac 12California
73%
ACCClemson
73%
ACCDuke
73%
IvyHarvard
73%
Big 10Illinois
73%
Big 10Indiana
73%
Big 10Iowa
73%
Big 10Michigan St
73%
American EastNew Hampshire
73%
ACCNorth Carolina St
73%
ACCNotre Dame
73%
Big 10Ohio St
73%
Big 10Penn St
73%
West CoastSaint Mary's
73%
SECTennessee
73%
American EastVermont
73%
ACCVirginia
73%
Pac 12Washington St
73%
ACCBoston College
70%
Big 10Maryland
70%
MACMiami (OH)
70%
Big 10Minnesota
70%
SECMississippi
70%
Big 10Nebraska
70%
Big 12Oklahoma
70%
Big 10Rutgers
70%
Big 12Texas Tech
70%
PatriotAmerican
67%
SECArkansas
67%
PatriotArmy
67%
Big 12Baylor
67%
Big 12Brigham Young
67%
IvyBrown
67%
IvyColombia
67%
Sun BeltGeorgia St
67%
Big SkyIdaho
67%
Big 12Iowa St
67%
Big 12Kansas
67%
SECKentucky
67%
PatriotNavy
67%
Big 10Northwestern
67%
SECSouth Carolina
67%
ACCSyracuse
67%
Big EastUConn
67%
Mountain WestUtah St
67%
ACCVirginia Tech
67%
Big 10Wisconsin
67%
SECAuburn
63%
The AmericanCentral Florida
63%
Pac 12Colorado
63%
IvyCornell
63%
IvyDartmouth
63%
Big WestHawaii
63%
ACCLouisville
63%
SECLSU
63%
The AmericanMemphis
63%
ACCMiami (FL)
63%
SECMississippi St
63%
ACCPittsburgh
63%
SWACSouthern
63%
Big 12TCU
63%
SECTexas A&M
63%
Atlantic 10UMass
63%
American EastUMass Lowell
63%
ACCWake Forest
63%
IvyYale
63%
PatriotBoston University
60%
Big EastCreighton
60%
HorizonIUPUI
60%
Big 12Kansas St
60%
NortheastLong Island
60%
SECMissouri
60%
Big SkyMontana
60%
Big 12Oklahoma St
60%
IvyPrinceton
60%
Big 10Purdue
60%
Atlantic 10Rhode Island
60%
C-USASam Houston
60%
The AmericanSouth Florida
60%
Big 12West Virginia
60%
Mountain WestWyoming
60%
American EastAlbany
57%
Sun BeltArkansas St
57%
Colonial AthleticDelaware
57%
Big EastGeorgetown
57%
West CoastGonzaga
57%
Big 12Houston
57%
Missouri ValleyIllinois St
57%
Sun BeltLouisiana
57%
Big EastMarquette
57%
Mountain WestNew Mexico
57%
The AmericanTemple
57%
Big EastVillanova
57%
Big EastXavier
57%
MACCentral Michigan
53%
Missouri ValleyChicago
53%
Mountain WestColorado St
53%
Colonial AthleticDrexel
53%
The AmericanFlorida Atlantic
53%
Western AthleticGrand Canyon
53%
Big SkyIdaho St
53%
Missouri ValleyIndiana St
53%
Missouri ValleyMissouri St
53%
Colonial AthleticNortheastern
53%
MACNorthern Illinois
53%
West CoastPepperdine
53%
Sun BeltTexas St
53%
Sun BeltTroy
53%
The AmericanTulsa
53%
MACWestern Michigan
53%
MACAkron
50%
SWACAlabama A&M
50%
SWACAlabama St
50%
American EastBinghamton
50%
American EastBryant
50%
MACBuffalo
50%
Big EastButler
50%
Big WestCal Poly
50%
Big 12Cincinnati
50%
The SummitDenver
50%
MACEastern Michigan
50%
Atlantic 10George Mason
50%
Sun BeltGeorgia Southern
50%
PatriotHoly Cross
50%
PatriotLafayette
50%
Metro AtlanticMarist
50%
C-USANew Mexico St
50%
Big SkyPortland St
50%
Metro AtlanticQuinnipiac
50%
West CoastSan Diego
50%
The AmericanSMU
50%
Sun BeltSouth Alabama
50%
The SummitSouth Dakota
50%
ASUNStetson
50%
Big EastSt. John's
50%
Colonial AthleticStony Brook
50%
Big WestUC Irvine
50%
Big WestUC San Diego
50%
American EastUMBC
50%
Conference USAWestern Kentucky
50%
Colonial AthleticWilliam & Mary
50%
Mountain WestAir Force
47%
MACBall St
47%
Mountain WestBoise St
47%
PatriotColgate
47%
Atlantic 10Davidson
47%
Atlantic 10Dayton
47%
NortheastDelaware St
47%
Missouri ValleyDrake
47%
ASUNEastern Kentucky
47%
Metro AtlanticFairfield
47%
ASUNJacksonville
47%
C-USAJacksonville St
47%
MACKent St
47%
PatriotLehigh
47%
Conference USALouisiana Tech
47%
Metro AtlanticManhatten
47%
Mountain WestNevada
47%
American EastNJIT
47%
The SummitNorth Dakota
47%
The SummitOmaha
47%
The SummitOral Roberts
47%
Big EastProvidence
47%
The AmericanRice
47%
Atlantic 10Saint Joseph's
47%
Mountain WestSan Diego St
47%
The SummitSouth Dakota St
47%
The SummitWestern Illinois
47%
Big WestCal St Bakersfield
43%
Big EastDePaul
43%
Ohio ValleyEastern Illinois
43%
Atlantic 10Fordham
43%
Big SouthHigh Point
43%
SouthlandIncarnate Word
43%
Metro AtlanticIona
43%
Sun BeltJames Madison
43%
C-USALiberty
43%
Sun BeltLouisiana Monroe
43%
HorizonOakland
43%
Atlantic 10Saint Louis
43%
Metro AtlanticSaint Peter's
43%
Big EastSeton Hall
43%
IndependentSouth Carolina St
43%
Missouri ValleySouthern Illinois
43%
Ohio ValleyTennessee Tech
43%
MACToledo
43%
Big WestUC Davis
43%
Big WestUC Riverside
43%
SouthernUNC Greensboro
43%
HorizonUW Green Bay
43%
SECVanderbilt
43%
Western AthleticAbilene Christian
40%
ASUNBellarmine
40%
PatriotBucknell
40%
Big WestCal St Fullerton
40%
Metro AtlanticCanisius
40%
The AmericanCharlotte
40%
IndependentChicago St
40%
HorizonCleveland St
40%
The AmericanEast Carolina
40%
Conference USAFlorida International
40%
Colonial AthleticHofstra
40%
The SummitKansas City
40%
PatriotLoyola
40%
Atlantic 10Loyola Chicago
40%
West CoastLoyola Marymount
40%
SWACMississippi Valley St
40%
Metro AtlanticNiagara
40%
Big SkyNorthern Arizona
40%
Sun BeltOld Dominion
40%
Atlantic 10St. Bonaventure
40%
NortheastSt. Francis PA
40%
The AmericanUAB
40%
Big WestUC Santa Barbara
40%
Big SouthUNC Asheville
40%
Mountain WestUNLV
40%
Western AthleticUtah Valley
40%
Western AthleticCal Baptist
37%
Big WestCal St Northridge
37%
ASUNCentral Arkansas
37%
SouthernChattanooga
37%
HorizonDetroit Mercy
37%
Mountain WestFresno St
37%
NortheastHoward
37%
Sun BeltMarshall
37%
NortheastMerrimack
37%
SouthlandNew Orleans
37%
ASUNNorth Alabama
37%
The SummitNorth Dakota St
37%
Big SouthRadford
37%
Atlantic 10Richmond
37%
Metro AtlanticRider
37%
Metro AtlanticSiena
37%
Ohio ValleySouthern Indiana
37%
The SummitSt. Thomas
37%
Western AthleticUtah Tech
37%
Missouri ValleyValparaiso
37%
NortheastWagner
37%
HorizonYoungstown St
37%
Sun BeltAppalachian St
33%
MACBowling Green
33%
Colonial AthleticCampbell
33%
Sun BeltCoastal Carolina
33%
SouthernEast Tennessee St
33%
Atlantic 10La Salle
33%
Conference USAMiddle Tennessee
33%
Colonial AthleticMonmouth
33%
Big SkyNorthern Colorado
33%
Missouri ValleyNorthern Iowa
33%
The AmericanNorth Texas
33%
SouthlandNorthwestern St
33%
NortheastSacred Heart
33%
West CoastSan Francisco
33%
Mountain WestSan Jose St
33%
West CoastSanta Clara
33%
Ohio ValleySoutheast Missouri
33%
Sun BeltSouthern Miss
33%
Western AthleticStephen F. Austin
33%
SWACTexas Southern
33%
Atlantic 10Virginia Commonwealth
33%
SouthernVMI
33%
SouthernWestern Carolina
33%
SWACAlcorn St
30%
ASUNAustin Peay
30%
Atlantic 10Duquesne
30%
Big SkyEastern Washington
30%
ASUNFlorida Gulf Coast
30%
SWACJackson St
30%
SouthlandNicholls
30%
HorizonPurdue Fort Wayne
30%
ASUNQueens NC
30%
Big SkySacramento St
30%
Western AthleticSeattle
30%
Ohio ValleySIU Edwardsville
30%
Ohio ValleyTennessee Martin
30%
Conference USATexas El Paso
30%
Colonial AthleticUNC Wilmington
30%
Colonial AthleticCharleston
27%
SWACGrambling St
27%
ASUNKennesaw St
27%
Ohio ValleyLittle Rock
27%
ASUNNorth Florida
27%
HorizonRobert Morris
27%
Western AthleticSouthern Utah
27%
SouthlandTexas A&M Commerce
27%
SouthernThe Citadel
27%
Colonial AthleticTowson
27%
Big SouthCharleston Southern
23%
Colonial AthleticElon
23%
Missouri ValleyEvansville
23%
Colonial AthleticHampton
23%
SouthlandHouston Christian
23%
SouthlandLamar
23%
Big WestLong Beach St
23%
SouthernMercer
23%
Ohio ValleyMorehead St
23%
Metro AtlanticMount St. Mary's
23%
West CoastPacific
23%
Big SouthPresbyterian
23%
SouthernSamford
23%
SouthlandSoutheastern Louisiana
23%
SouthlandTexas A&M Corpus Christi
23%
HorizonUW Milwaukee
23%
SWACArkansas Pine Bluff
20%
Missouri ValleyBelmont
20%
NortheastCentral Conn St
20%
SouthernFurman
20%
Big SouthGardner-Webb
20%
ASUNLipscomb
20%
Big SouthLongwood
20%
SouthlandMcNeese
20%
HorizonNorthern Kentucky
20%
West CoastPorland
20%
NortheastStonehill
20%
Big SouthUSC Upstate
20%
Big SkyWeber St
20%
Big SouthWinthrop
20%
SouthernWofford
20%
HorizonWright St
20%
NortheastFairleigh Dickinson
17%
Ohio ValleyLindenwood
17%
Missouri ValleyMurray St
13%
SWACPrairie View A&M
13%
The AmericanSan Antonio
13%
Western AthleticTarleton
13%
Mountain WestColorado College
10%
Western AthleticTexas Rio Grade Valley
10%

Score Distribution

Percentile by Number Answered

Percent of People with Each Score

Your Score History

You have not taken this quiz